Eastern Africa Capitals - Map Quiz - Statistics

General Stats
  • This quiz has been taken 11 times
  • The average score is 10 of 18
Answers on the Map
Answers color-coded by a green-red scale on the quiz's map according to % correct below.
 
Answer Stats
Answer % Correct
Mogadishu
80%
Addis Ababa
70%
Antananarivo
70%
Nairobi
70%
Djibouti City
60%
Kampala
60%
Port Louis
60%
Asmara
50%
Dodoma
50%
Gitega
50%
Harare
50%
Juba
50%
Kigali
50%
Lusaka
50%
Victoria
50%
Moroni
40%
Lilongwe
30%
Maputo
30%
No matching quizzes found
Score Distribution
Percent of People with Each Score
Percentile by Number Answered
Your Score History
You have not taken this quiz